书目信息 |
| 题名: |
考研英语 (一) 历年真题抢分精讲
|
|
| 作者: | 商志 主编 | |
| 分册: | 阅读理解分册f商志主编 | |
| 出版信息: | 西安 西安交通大学出版社 2018 |
|
| 页数: | 426页 | |
| 开本: | 26cm | |
| 丛书名: | 考研英语抢分系列丛书 | |
| 单 册: | ||
| 中图分类: | H310.421-44 , H319.37-44 | |
| 科图分类: | ||
| 主题词: | 英语--ying yu--硕士生入学考试--题解 , 英语--ying yu--阅读教学--硕士生入学考试--题解 | |
| 电子资源: | ||
| ISBN: | 978-7-5693-0455-8 | |
| 000 | 01512nam 2200337 45 | |
| 001 | 012001011197 | |
| 005 | 20191202103843.39 | |
| 010 | @a978-7-5693-0455-8@dCNY69.80 | |
| 099 | @aCAL 012018134832 | |
| 100 | @a20180607d2018 em y0chiy50 ea | |
| 101 | 0 | @achi@aeng |
| 102 | @aCN@b610000 | |
| 105 | @ay z 000yy | |
| 106 | @ar | |
| 200 | 1 | @a考研英语 (一) 历年真题抢分精讲@i阅读理解分册f商志主编@f商志主编@Akao yan ying yu ( yi ) li nian zhen ti qiang fen jing jiang |
| 210 | @a西安@c西安交通大学出版社@d2018 | |
| 215 | @a426页@d26cm | |
| 225 | 2 | @a考研英语抢分系列丛书@Akao yan ying yu qiang fen xi lie cong shu |
| 225 | 2 | @a考研英语抢分系列之真题蓝皮书@Akao yan ying yu qiang fen xi lie zhi zhen ti la pi shu |
| 300 | @a金榜图书; 赠送本:考研考研英语 (一) 历年真题试卷(2005-2018) | |
| 330 | @a本书涵盖2002年至2009年真题共32篇文章。本书准确把握考生复习过程中碰到的主要困难点,用通俗易懂的方法对真题进行全方位、多角度地深度精讲,从而透析命题规律,为考生提供系统的复习方法、解题思路及技巧。 | |
| 410 | 0 | @12001 @a考研英语抢分系列丛书 |
| 410 | 0 | @12001 @a考研英语抢分系列之真题蓝皮书 |
| 516 | 1 | @a2019考研英语 (一) 历年真题抢分精讲@A2019 kao yan ying yu ( yi ) li nian zhen ti qiang fen jing jiang |
| 606 | 0 | @a英语@Aying yu@x硕士生入学考试@j题解 |
| 606 | 0 | @a英语@Aying yu@x阅读教学@x硕士生入学考试@j题解 |
| 690 | @aH310.421-44@v5 | |
| 690 | @aH319.37-44@v5 | |
| 701 | 0 | @a商志@Ashang zhi@4主编 |
| 801 | 0 | @aCN@b上海新华@c20191020 |
| 905 | @b1182826-9@dH310.421-44@e1750@f4 | |
| 考研英语 (一) 历年真题抢分精讲.阅读理解分册f商志主编/商志主编.-西安:西安交通大学出版社,2018 |
| 426页;26cm.-(考研英语抢分系列丛书).-(考研英语抢分系列之真题蓝皮书) |
| 金榜图书; 赠送本:考研考研英语 (一) 历年真题试卷(2005-2018) |
| ISBN 978-7-5693-0455-8:CNY69.80 |
| 本书涵盖2002年至2009年真题共32篇文章。本书准确把握考生复习过程中碰到的主要困难点,用通俗易懂的方法对真题进行全方位、多角度地深度精讲,从而透析命题规律,为考生提供系统的复习方法、解题思路及技巧。 |
| ● |
| 相关链接 |
|
|
|
|
正题名:考研英语 (一) 历年真题抢分精讲
索取号:H310.421-44/1750
 
预约/预借
| 序号 | 登录号 | 条形码 | 馆藏地/架位号 | 状态 | 备注 |
| 1 | 1182826 | 211828263 | 第二样本阅览室/ [索取号:H310.421-44/1750] | 在馆 | |
| 2 | 1182827 | 211828272 | 第四借阅区/ [索取号:H310.421-44/1750] | 在馆 | |
| 3 | 1182828 | 211828281 | 第四借阅区/ [索取号:H310.421-44/1750] | 在馆 | |
| 4 | 1182829 | 211828290 | 第四借阅区/ [索取号:H310.421-44/1750] | 在馆 |